Statistics for Italy Immigration By Country - Extreme

Click here to take the quiz!

General Stats

  • This quiz has been taken 151 times
  • The average score is 27 of 35

Answer Stats

TotalCountry% Correct
31,405France
96%
30,120United Kingdom
96%
330,595China
95%
38,140Germany
95%
1,09 milRomania
94%
33,675Spain
94%
39,745Russia
91%
97,410Tunisia
90%
22,670Algeria
89%
163,510India
89%
235,675Ukraine
89%
54,570Brazil
88%
139,570Egypt
88%
428,920Morocco
86%
105,665Poland
85%
96,425Serbia
85%
59,800Bulgaria
83%
495,700Albania
82%
43,150Argentina
80%
119,080Nigeria
80%
127,100Pakistan
79%
28,995Bosnia and Herzegovina
74%
94,560Peru
68%
159,430Moldova
65%
165,440Philippines
65%
155,020Bangladesh
64%
111,090Senegal
61%
20,435Venezuela
60%
50.775Ghana
58%
91,845North Macedonia
58%
23,470Cuba
53%
72,190Ecuador
50%
26,255Dominican Republic
43%
112,800Sri Lanka
42%
31,570Ivory Coast
39%

Score Distribution

Percentile by Number Answered

Percent of People with Each Score

Your Score History

You have not taken this quiz